[Event "NOR-chT Elite 2223"]
[Site "Norway"]
[Date "2023.01.13"]
[Round "4.24"]
[White "Holm, Kristian Stuvik"]
[Black "Hanssen, Gunnar Berg"]
[Result "1-0"]
[WhiteElo "2480"]
[BlackElo "2156"]
[PlyCount "57"]
[EventDate "2022.11.11"]
[EventType "team-tourn"]
[EventRounds "9"]
[EventCountry "NOR"]
[SourceTitle "CBM 213 Extra"]
[Source "ChessBase"]
[SourceDate "2023.05.31"]
[SourceVersion "1"]
[SourceVersionDate "2023.05.31"]
[SourceQuality "1"]
[WhiteTeam "Valerenga"]
[BlackTeam "Tromsoe"]
[WhiteTeamCountry "NOR"]
[BlackTeamCountry "NOR"]

1. e4 e6 2. d4 d5 3. Nc3 dxe4 4. Nxe4 Nd7 5. Nf3 Ngf6 6. Nxf6+ Nxf6 7. c3 c5 8. Bb5+ Bd7 9. Bxd7+ Nxd7 10. d5 exd5 11. Qxd5 Qc7 12. 0-0 Be7 13. Re1 Nf6 14. Qf5 0-0 15. Bf4 Bd6 16. Bg5 Nd7 17. Be7 Bxe7 18. Rxe7 Rad8 19. Ne5 g6 20. Nxd7 Qd6 21. Qxc5 Rxd7 22. Qxd6 Rxd6 23. Rxb7 Rd2 24. Re1 Rfd8 25. g3 R8d5 26. Kf1 h5 27. Re2 Rd1+ 28. Kg2 a5 29. a4 1-0

[Event "NOR-chT 1516"]
[Site "Norway"]
[Date "2015.10.30"]
[Round "1.1"]
[White "Borresen, Georg S"]
[Black "Hanssen, Gunnar Berg"]
[Result "1-0"]
[WhiteElo "2243"]
[BlackElo "2208"]
[PlyCount "73"]
[EventDate "2015.10.30"]
[EventType "team-tourn"]
[EventRounds "9"]
[EventCountry "NOR"]
[SourceTitle "CBM 169 Extra"]
[Source "ChessBase"]
[SourceDate "2015.12.18"]
[SourceVersion "1"]
[SourceVersionDate "2015.12.18"]
[SourceQuality "1"]
[WhiteTeam "Black Knights"]
[BlackTeam "Tromsoe"]
[WhiteTeamCountry "NOR"]
[BlackTeamCountry "NOR"]

1. d4 Nf6 2. Nf3 g6 3. g3 Bg7 4. Bg2 0-0 5. 0-0 d5 6. c4 c6 7. Ne5 Ng4 8. cxd5 Nxe5 9. dxe5 Bxe5 10. Nc3 Bg7 11. Bg5 h6 12. Be3 cxd5 13. Nxd5 Nc6 14. Qa4 Bd7 15. Rad1 e6 16. Nc3 Qe7 17. Qc2 Rac8 18. Qd2 Rfd8 19. Bxh6 Be8 20. Qc1 Nd4 21. Rde1 Bh8 22. Bg5 f6 23. Be3 Nb5 24. Rd1 Nxc3 25. bxc3 b6 26. Rxd8 Qxd8 27. Qa3 Qc7 28. Rc1 Bg7 29. Qb3 Bf7 30. c4 Bf8 31. Qb2 Kg7 32. g4 Bd6 33. h3 Be5 34. Qb5 Bh2+ 35. Kh1 Bf4 36. Qb3 Qe5 37. Rc3 1-0

[Event "NOR-chT 1415"]
[Site "Norway"]
[Date "2015.01.09"]
[Round "4.5"]
[White "Hanssen, Gunnar Berg"]
[Black "Hagen, Anders Gjerdrum"]
[Result "0-1"]
[WhiteElo "2204"]
[BlackElo "2243"]
[PlyCount "98"]
[EventDate "2014.10.31"]
[EventType "team-tourn"]
[EventRounds "11"]
[EventCountry "NOR"]
[SourceTitle "EXT 2016"]
[Source "ChessBase"]
[SourceDate "2015.10.08"]
[SourceVersion "1"]
[SourceVersionDate "2015.10.08"]
[SourceQuality "1"]
[WhiteTeam "Tromsoe"]
[BlackTeam "Oslo SK 1911"]
[WhiteTeamCountry "NOR"]
[BlackTeamCountry "NOR"]

1. Nf3 Nf6 2. d4 d5 3. c4 c6 4. Qc2 dxc4 5. Qxc4 Bf5 6. g3 Nbd7 7. Bg2 e6 8. 0-0 Be7 9. Nc3 h6 10. a3 0-0 11. Bf4 Nd5 12. Bd2 Nxc3 13. Bxc3 Be4 14. Bh3 Nb6 15. Qb3 Bxf3 16. exf3 Qd5 17. Qxd5 Nxd5 18. f4 g6 19. Bd2 Kg7 20. Rac1 Rfd8 21. Bg2 Bf6 22. Be3 Rd7 23. b4 a6 24. g4 Nb6 25. f5 Bxd4 26. fxe6 fxe6 27. Bf4 g5 28. Bg3 Kf6 29. Rcd1 Rad8 30. Kh1 Be5 31. Bxe5+ Kxe5 32. Rde1+ Kd6 33. f4 Rf8 34. f5 exf5 35. gxf5 Re7 36. Rd1+ Nd5 37. Bxd5 cxd5 38. b5 axb5 39. f6 Re5 40. f7 Ke6 41. Rb1 d4 42. Rb4 Rd5 43. Rd1 Rxf7 44. Rdxd4 Rxd4 45. Rxd4 Rf4 46. Rd8 Ra4 47. Rd3 b4 48. Rd4 Ke5 49. Rg4 h5 0-1

[Event "Oslo op-A"]
[Site "Oslo"]
[Date "2014.10.03"]
[Round "7"]
[White "Hanssen, Gunnar Berg"]
[Black "Wieweg, Johnny"]
[Result "1-0"]
[WhiteElo "2204"]
[BlackElo "2140"]
[PlyCount "65"]
[EventDate "2014.09.28"]
[EventType "swiss"]
[EventRounds "9"]
[EventCountry "NOR"]
[SourceTitle "CBM 162 Extra"]
[Source "ChessBase"]
[SourceDate "2014.10.17"]
[SourceVersion "1"]
[SourceVersionDate "2014.10.17"]
[SourceQuality "1"]

1. Nf3 f5 2. d4 Nf6 3. g3 g6 4. Bg2 Bg7 5. 0-0 0-0 6. c4 d6 7. Nc3 Qe8 8. d5 Kh8 9. Nd4 Na6 10. Rb1 Bd7 11. b4 Rb8 12. a3 Qf7 13. Bb2 Rfc8 14. Ncb5 Ra8 15. Ne6 c6 16. Nxg7 Kxg7 17. Nd4 c5 18. Ne6+ Kg8 19. b5 Nc7 20. Ng5 Qf8 21. Qd3 h6 22. Ne6 Qf7 23. Nf4 Rf8 24. h4 g5 25. hxg5 hxg5 26. Nh3 Nh7 27. f4 g4 28. Nf2 e6 29. dxe6 Bxe6 30. Qxd6 Ne8 31. Qxc5 Bxc4 32. Nd3 Bxd3 33. Bd5 1-0

[Event "Oslo op-A"]
[Site "Oslo"]
[Date "2014.10.01"]
[Round "5"]
[White "Hanssen, Gunnar Berg"]
[Black "Merkesvik, Sondre"]
[Result "0-1"]
[WhiteElo "2204"]
[BlackElo "2179"]
[PlyCount "62"]
[EventDate "2014.09.28"]
[EventType "swiss"]
[EventRounds "9"]
[EventCountry "NOR"]
[SourceTitle "CBM 162 Extra"]
[Source "ChessBase"]
[SourceDate "2014.10.17"]
[SourceVersion "1"]
[SourceVersionDate "2014.10.17"]
[SourceQuality "1"]

1. Nf3 c5 2. c4 g6 3. g3 Bg7 4. Bg2 Nc6 5. Nc3 e6 6. d3 Nge7 7. Bg5 h6 8. Bd2 d5 9. Qc1 b6 10. 0-0 Bb7 11. Rb1 Rc8 12. Rd1 Nf5 13. cxd5 exd5 14. Bh3 d4 15. Ne4 0-0 16. Bf4 Nce7 17. b3 g5 18. Bd2 Rc6 19. Bg2 Nd5 20. g4 Nfe7 21. Ng3 Re6 22. Re1 Ng6 23. Nh5 Rfe8 24. Qd1 Nf6 25. Nxf6+ Qxf6 26. b4 Nf4 27. Bxf4 Qxf4 28. h3 Bxf3 29. Bxf3 Be5 30. bxc5 Qh2+ 31. Kf1 Rf6 0-1

[Event "NOR North-ch"]
[Site "Tromsoe"]
[Date "2014.06.06"]
[Round "3"]
[White "Hanssen, Gunnar Berg"]
[Black "Royset, Jon Kristian"]
[Result "1-0"]
[WhiteElo "2165"]
[BlackElo "2160"]
[PlyCount "65"]
[EventDate "2014.06.06"]
[EventType "swiss"]
[EventRounds "6"]
[EventCountry "NOR"]
[SourceTitle "EXT 2024"]
[Source "ChessBase"]
[SourceDate "2023.10.10"]
[SourceVersion "1"]
[SourceVersionDate "2023.10.10"]
[SourceQuality "1"]

1. Nf3 e6 2. c4 d5 3. d4 c6 4. e3 Nf6 5. Nc3 Nbd7 6. Bd3 dxc4 7. Bxc4 b5 8. Bd3 a6 9. e4 c5 10. d5 c4 11. dxe6 fxe6 12. Bc2 Qc7 13. 0-0 Bc5 14. Qe2 Bb7 15. e5 Nd5 16. Ng5 Qc6 17. Nxd5 exd5 18. Qg4 Nxe5 19. Qe2 Qf6 20. Nf3 Bd6 21. Bg5 Qe6 22. Nxe5 Bxe5 23. Bf4 d4 24. Qxe5 Qxe5 25. Bxe5 d3 26. Bd1 0-0 27. b3 Rf5 28. Bc3 Rg5 29. g3 Rd8 30. a4 Bc6 31. axb5 Bxb5 32. bxc4 Bxc4 33. h4 1-0

[Event "NOR North-ch"]
[Site "Tromsoe"]
[Date "2014.06.06"]
[Round "4"]
[White "Royset, Pal"]
[Black "Hanssen, Gunnar Berg"]
[Result "1-0"]
[WhiteElo "2134"]
[BlackElo "2165"]
[PlyCount "53"]
[EventDate "2014.06.06"]
[EventType "swiss"]
[EventRounds "6"]
[EventCountry "NOR"]
[SourceTitle "EXT 2024"]
[Source "ChessBase"]
[SourceDate "2023.10.10"]
[SourceVersion "1"]
[SourceVersionDate "2023.10.10"]
[SourceQuality "1"]

1. e4 c6 2. d4 d5 3. e5 Bf5 4. Nf3 e6 5. Be2 c5 6. c3 Nc6 7. 0-0 cxd4 8. cxd4 Nge7 9. Nc3 Bg4 10. Be3 Nf5 11. Rc1 Be7 12. h3 Bxf3 13. Bxf3 0-0 14. Bg4 Nxe3 15. fxe3 Rc8 16. Qd3 Bg5 17. g3 Qb6 18. Rb1 Qa6 19. Qd2 Na5 20. b3 Qc6 21. Rbc1 Qd7 22. Ne2 b6 23. Nf4 Rxc1 24. Rxc1 Rc8 25. Rf1 Qc6 26. Nd3 Qc2 27. Rc1 1-0

[Event "Narvik Rallarsjakken A"]
[Site "Narvik"]
[Date "2014.04.04"]
[Round "3"]
[White "Hanssen, Gunnar Berg"]
[Black "Jakobsen, Oivind"]
[Result "1-0"]
[WhiteElo "2208"]
[BlackElo "1680"]
[PlyCount "59"]
[EventDate "2014.04.04"]
[EventType "swiss"]
[EventRounds "5"]
[EventCountry "NOR"]
[SourceTitle "EXT 2024"]
[Source "ChessBase"]
[SourceDate "2023.10.10"]
[SourceVersion "1"]
[SourceVersionDate "2023.10.10"]
[SourceQuality "1"]

1. Nf3 d5 2. d4 Nf6 3. c4 e6 4. g3 Nbd7 5. Bg2 Be7 6. 0-0 0-0 7. Qc2 c6 8. Nbd2 Nb6 9. b3 Nbd7 10. e4 dxe4 11. Nxe4 Nxe4 12. Qxe4 Nf6 13. Qe2 Qb6 14. Ne5 Bd6 15. Bf4 Be7 16. Rfd1 Qa6 17. Rd3 Rd8 18. Rad1 Bd7 19. g4 Be8 20. g5 Nd7 21. Rh3 g6 22. Qg4 Nf8 23. Qh4 Qxa2 24. Ng4 h5 25. Be5 Nd7 26. Nf6+ Nxf6 27. gxf6 Bf8 28. Qg5 Kh7 29. Rxh5+ gxh5 30. Be4+ 1-0

[Event "Narvik Rallarsjakken A"]
[Site "Narvik"]
[Date "2014.04.04"]
[Round "2"]
[White "Rolvag, Mikael"]
[Black "Hanssen, Gunnar Berg"]
[Result "1-0"]
[WhiteElo "2163"]
[BlackElo "2208"]
[PlyCount "43"]
[EventDate "2014.04.04"]
[EventType "swiss"]
[EventRounds "5"]
[EventCountry "NOR"]
[SourceTitle "EXT 2024"]
[Source "ChessBase"]
[SourceDate "2023.10.10"]
[SourceVersion "1"]
[SourceVersionDate "2023.10.10"]
[SourceQuality "1"]

1. d4 d5 2. Nf3 Nf6 3. c4 c6 4. e3 e6 5. Bd3 Nbd7 6. Nbd2 Bd6 7. 0-0 0-0 8. e4 dxe4 9. Nxe4 Nxe4 10. Bxe4 e5 11. dxe5 Nxe5 12. Nxe5 Bxe5 13. Bxh7+ Kxh7 14. Qh5+ Kg8 15. Qxe5 Re8 16. Qf4 Re6 17. Be3 Rf6 18. Qh4 Qa5 19. Rfd1 Be6 20. Rd4 b5 21. Rad1 bxc4 22. Bg5 1-0

[Event "NOR North-ch"]
[Site "Tromsoe"]
[Date "2013.05.??"]
[Round "6"]
[White "Rolvag, Mikael"]
[Black "Hanssen, Gunnar Berg"]
[Result "1/2-1/2"]
[WhiteElo "2074"]
[BlackElo "2230"]
[PlyCount "85"]
[EventDate "2013.05.09"]
[EventType "swiss"]
[EventRounds "6"]
[EventCountry "NOR"]
[SourceTitle "EXT 2024"]
[Source "ChessBase"]
[SourceDate "2023.10.10"]
[SourceVersion "1"]
[SourceVersionDate "2023.10.10"]
[SourceQuality "1"]

1. d4 Nf6 2. Nf3 e6 3. c4 d5 4. Nc3 c6 5. e3 Nbd7 6. Qc2 Bd6 7. b3 0-0 8. Be2 b6 9. 0-0 Bb7 10. e4 e5 11. exd5 cxd5 12. Nb5 Bb8 13. dxe5 Nxe5 14. Bb2 Nfg4 15. Nxe5 Nxe5 16. Rad1 a6 17. Nd4 Qc7 18. f4 Ng6 19. g3 dxc4 20. Qxc4 Qd7 21. Bf3 Rc8 22. Nc6 Bd6 23. Qd4 Bc5 24. Qxc5 bxc5 25. Rxd7 Bxc6 26. Bxc6 Rxc6 27. Rc1 Nf8 28. Rd5 Re8 29. Kf2 Rh6 30. h4 Ne6 31. Re1 Rc8 32. f5 Rh5 33. Ree5 c4 34. bxc4 Ng5 35. Bc1 f6 36. Re7 Nf7 37. c5 Kf8 38. Ra7 Ne5 39. Bf4 Rxf5 40. Ke2 Re8 41. Bxe5 Rexe5+ 42. Rxe5 Rxe5+ 43. Kf3 1/2-1/2

[Event "London Classic op 4th"]
[Site "London"]
[Date "2012.12.09"]
[Round "9"]
[White "Hanssen, Gunnar Berg"]
[Black "Jyothilal, Narayanan"]
[Result "1-0"]
[WhiteElo "2207"]
[BlackElo "2038"]
[PlyCount "71"]
[EventDate "2012.12.01"]
[EventType "swiss"]
[EventRounds "9"]
[EventCountry "ENG"]
[SourceTitle "EXT 2014"]
[Source "ChessBase"]
[SourceDate "2013.11.20"]
[SourceVersion "1"]
[SourceVersionDate "2013.11.20"]
[SourceQuality "1"]

1. Nf3 Nf6 2. c4 g6 3. d4 d5 4. cxd5 Nxd5 5. e4 Nb6 6. h3 Bg7 7. Be2 0-0 8. 0-0 Nc6 9. d5 Ne5 10. Nxe5 Bxe5 11. Nc3 Bg7 12. Bg5 f5 13. a4 fxe4 14. a5 Nd7 15. a6 Kh8 16. Nxe4 Nb6 17. Nc5 bxa6 18. Bf3 Qd6 19. Rc1 Rb8 20. Re1 Rf7 21. Bh4 Nd7 22. Ne4 Qb4 23. Bg3 Ne5 24. Bxe5 Bxe5 25. Ng5 Bh2+ 26. Kh1 Rf5 27. Re4 Qxb2 28. Kxh2 Rxg5 29. d6 cxd6 30. Rxe7 Re5 31. Qxd6 Rxe7 32. Qd8+ Re8 33. Qxe8+ Kg7 34. Rc7+ Kh6 35. Qf8+ Kg5 36. h4+ 1-0

[Event "London Classic op 4th"]
[Site "London"]
[Date "2012.12.06"]
[Round "6"]
[White "Croad, Nicholas"]
[Black "Hanssen, Gunnar Berg"]
[Result "1/2-1/2"]
[WhiteElo "2282"]
[BlackElo "2207"]
[PlyCount "81"]
[EventDate "2012.12.01"]
[EventType "swiss"]
[EventRounds "9"]
[EventCountry "ENG"]
[SourceTitle "CBM 151 Extra"]
[Source "ChessBase"]
[SourceDate "2012.12.18"]
[SourceVersion "1"]
[SourceVersionDate "2012.12.18"]
[SourceQuality "1"]

1. d4 Nf6 2. c4 c6 3. Nf3 d5 4. e3 Bf5 5. Nc3 a6 6. Qb3 Ra7 7. a4 e6 8. Nh4 Be4 9. Be2 Bd6 10. 0-0 Nbd7 11. cxd5 cxd5 12. Nxe4 Nxe4 13. Nf3 0-0 14. Bd2 Nxd2 15. Nxd2 Qb8 16. Nf3 Ra8 17. Rfc1 Rc8 18. Bd3 Rc7 19. Qd1 Qd8 20. Rxc7 Bxc7 21. Qb3 Rb8 22. Rc1 Bd6 23. Rc3 g6 24. g3 Qb6 25. Kg2 Bb4 26. Rc2 Bd6 27. Rc3 Bb4 28. Rc2 Bd6 29. Qxb6 Nxb6 30. b3 Rc8 31. Kf1 Rxc2 32. Bxc2 Nd7 33. g4 Kg7 34. h3 h6 35. Ne1 Kf6 36. h4 h5 37. g5+ Ke7 38. f4 Nb8 39. Nd3 Nc6 40. Ke2 Nb4 41. Nxb4 1/2-1/2

[Event "London Classic op 4th"]
[Site "London"]
[Date "2012.12.05"]
[Round "5"]
[White "Hanssen, Gunnar Berg"]
[Black "Disu, Kayode"]
[Result "1-0"]
[WhiteElo "2207"]
[BlackElo "2010"]
[PlyCount "73"]
[EventDate "2012.12.01"]
[EventType "swiss"]
[EventRounds "9"]
[EventCountry "ENG"]
[SourceTitle "CBM 151 Extra"]
[Source "ChessBase"]
[SourceDate "2012.12.18"]
[SourceVersion "1"]
[SourceVersionDate "2012.12.18"]
[SourceQuality "1"]

1. c4 g6 2. Nf3 Bg7 3. d4 c5 4. e4 cxd4 5. Nxd4 Nc6 6. Be3 Qb6 7. Nb5 Qa5+ 8. N1c3 Nf6 9. f3 a6 10. Nd4 Nxd4 11. Bxd4 0-0 12. Be2 d6 13. 0-0 Nd7 14. Bxg7 Kxg7 15. Kh1 Nf6 16. Qd2 b5 17. cxb5 axb5 18. Bxb5 Be6 19. Qd4 Rfb8 20. a4 Kg8 21. b4 Qc7 22. Rfc1 Rc8 23. Ne2 Qb7 24. Qd2 d5 25. Nd4 dxe4 26. Nxe6 fxe6 27. fxe4 Nxe4 28. Qe3 Rf8 29. Bc6 Rf1+ 30. Rxf1 Qxc6 31. b5 Qc4 32. Rfe1 Nd6 33. Qxe6+ Qxe6 34. Rxe6 Nxb5 35. Rxe7 Nc3 36. a5 Nd5 37. Rb7 1-0

[Event "London Classic op 4th"]
[Site "London"]
[Date "2012.12.01"]
[Round "1"]
[White "Hanssen, Gunnar Berg"]
[Black "De Lagontrie, Jean"]
[Result "1-0"]
[WhiteElo "2207"]
[BlackElo "1858"]
[PlyCount "91"]
[EventDate "2012.12.01"]
[EventType "swiss"]
[EventRounds "9"]
[EventCountry "ENG"]
[SourceTitle "CBM 151 Extra"]
[Source "ChessBase"]
[SourceDate "2012.12.18"]
[SourceVersion "1"]
[SourceVersionDate "2012.12.18"]
[SourceQuality "1"]

1. d4 d5 2. c4 e6 3. Nc3 Nf6 4. cxd5 exd5 5. Bg5 c6 6. Qc2 Be7 7. e3 Nbd7 8. Bd3 0-0 9. Nf3 Re8 10. 0-0 Nf8 11. h3 g6 12. Bxf6 Bxf6 13. b4 Be7 14. b5 c5 15. dxc5 Bxc5 16. Ne2 Qe7 17. Nf4 Be6 18. Rfc1 Rac8 19. Qa4 Bb6 20. Nd4 Nd7 21. Be2 Nc5 22. Qd1 Ne4 23. Bf3 Nf6 24. a4 Bc7 25. Qb3 Qd6 26. Qb2 Bb8 27. Ndxe6 Rxc1+ 28. Rxc1 Rxe6 29. Nxe6 Qxe6 30. a5 Kg7 31. a6 b6 32. Rc6 Qe7 33. Bxd5 Be5 34. Qb3 Qd7 35. e4 g5 36. Qe3 h6 37. Qf3 Qe7 38. Qf5 Nxd5 39. exd5 Bd6 40. g3 Qe1+ 41. Kg2 Qe7 42. h4 gxh4 43. Qg4+ Kh7 44. Qxh4 Qe5 45. Qf4 Qxd5+ 46. Qf3 1-0

[Event "NOR-chT 1112"]
[Site "Norway"]
[Date "2011.11.05"]
[Round "2"]
[White "Koskela, Niina"]
[Black "Hanssen, Gunnar Berg"]
[Result "1/2-1/2"]
[WhiteElo "2198"]
[BlackElo "2211"]
[PlyCount "129"]
[EventDate "2011.11.04"]
[EventType "team-tourn"]
[EventRounds "9"]
[EventCountry "NOR"]
[SourceTitle "EXT 2013"]
[Source "ChessBase"]
[SourceDate "2012.11.22"]
[SourceVersion "1"]
[SourceVersionDate "2012.11.22"]
[SourceQuality "1"]
[WhiteTeam "SOSS"]
[BlackTeam "Tromsoe"]
[WhiteTeamCountry "NOR"]
[BlackTeamCountry "NOR"]

1. e4 c6 2. d3 d5 3. Nd2 e5 4. Ngf3 Nd7 5. g3 g6 6. Bg2 Bg7 7. 0-0 Ne7 8. b3 0-0 9. Bb2 b6 10. Ne1 a5 11. a4 Nc5 12. Kh1 dxe4 13. Nxe4 Ne6 14. Nd2 Bb7 15. Nc4 Qc7 16. Nf3 f6 17. Re1 c5 18. Qe2 Nf5 19. Rad1 Rfe8 20. Na3 Rad8 21. Nb5 Qc6 22. Qf1 Qc8 23. Nd2 Nfd4 24. Bxd4 Nxd4 25. Nxd4 cxd4 26. Bxb7 Qxb7+ 27. Qg2 Qc7 28. Nc4 Bf8 29. Re2 Bc5 30. Rde1 Kg7 31. Re4 Re7 32. f4 exf4 33. Rxe7+ Bxe7 34. gxf4 Bb4 35. Re4 f5 36. Re5 Bd6 37. Nxd6 Rxd6 38. Re2 h6 39. Qa8 Qc6+ 40. Qxc6 Rxc6 41. Re7+ Kf6 42. Rd7 g5 43. Rxd4 Rxc2 44. Rd6+ Kg7 45. Rxb6 gxf4 46. b4 Ra2 47. bxa5 Rxa4 48. a6 Rd4 49. a7 Ra4 50. Rb7+ Kf6 51. Kg2 Ke5 52. Kf3 Ra3 53. Rb5+ Kf6 54. Kxf4 Ra4+ 55. Kg3 Rxa7 56. Rb6+ Ke5 57. d4+ Kxd4 58. Kf4 Ra2 59. Rd6+ Kc5 60. Rxh6 Rf2+ 61. Kg3 Rf1 62. Re6 Kd5 63. Re8 Ra1 64. Kf4 Rh1 65. h4 1/2-1/2

[Event "Oslo op"]
[Site "Oslo"]
[Date "2011.10.07"]
[Round "7"]
[White "Guttulsrud, Odd Martin"]
[Black "Hanssen, Gunnar Berg"]
[Result "1/2-1/2"]
[WhiteElo "2190"]
[BlackElo "2217"]
[PlyCount "71"]
[EventDate "2011.10.02"]
[EventType "swiss"]
[EventRounds "9"]
[EventCountry "NOR"]
[SourceTitle "CBM 144 Extra"]
[Source "ChessBase"]
[SourceDate "2011.10.28"]
[SourceVersion "1"]
[SourceVersionDate "2011.10.28"]
[SourceQuality "1"]

1. e4 c6 2. d4 d5 3. Nc3 dxe4 4. Nxe4 Bf5 5. Ng3 Bg6 6. h4 h6 7. Nf3 Nd7 8. h5 Bh7 9. Bd3 Bxd3 10. Qxd3 e6 11. Bf4 Qa5+ 12. Bd2 Qc7 13. 0-0-0 Ngf6 14. Rde1 0-0-0 15. Qe2 Bd6 16. Ne5 Rhf8 17. Rh3 Kb8 18. f4 c5 19. dxc5 Nxc5 20. Kb1 Nfd7 21. Nxd7+ Rxd7 22. Ne4 Nxe4 23. Qxe4 Rfd8 24. Rd3 Be7 25. Ree3 Bf6 26. Rxd7 Rxd7 27. Rd3 Rxd3 28. Qxd3 Qb6 29. Bc1 a6 30. Qd7 Qg1 31. Qxf7 e5 32. Qd5 exf4 33. Qf3 Ka8 34. c3 Bg5 35. Kc2 Qc5 36. Bd2 1/2-1/2

[Event "NOR-ch North"]
[Site "Tromsoe"]
[Date "2011.06.10"]
[Round "6"]
[White "Hanssen, Gunnar Berg"]
[Black "Forsaa, Espen"]
[Result "1/2-1/2"]
[WhiteElo "2194"]
[BlackElo "2337"]
[PlyCount "52"]
[EventDate "2011.06.10"]
[EventType "swiss"]
[EventRounds "6"]
[EventCountry "NOR"]
[SourceTitle "EXT 2023"]
[Source "ChessBase"]
[SourceDate "2022.10.05"]
[SourceVersion "1"]
[SourceVersionDate "2022.10.05"]
[SourceQuality "1"]

1. Nf3 c5 2. c4 Nc6 3. d4 cxd4 4. Nxd4 e6 5. Nc3 Nf6 6. Bg5 Qb6 7. Ndb5 a6 8. Be3 Qa5 9. Nd6+ Bxd6 10. Qxd6 Ne4 11. Qd3 d5 12. cxd5 Nxc3 13. dxc6 Ne4+ 14. Bd2 Nxd2 15. Qxd2 Qxd2+ 16. Kxd2 Ke7 17. g3 Rd8+ 18. Kc3 e5 19. Bg2 bxc6 20. Rhd1 Be6 21. Rxd8 Kxd8 22. Rd1+ Kc7 23. b3 a5 24. Kb2 a4 25. Rc1 Bd7 26. Rc3 axb3 1/2-1/2

[Event "NOR-ch North"]
[Site "Tromsoe"]
[Date "2011.06.10"]
[Round "5"]
[White "Hanssen, Gunnar Berg"]
[Black "Grundekjon, Christian S"]
[Result "1-0"]
[WhiteElo "2194"]
[BlackElo "1777"]
[PlyCount "79"]
[EventDate "2011.06.10"]
[EventType "swiss"]
[EventRounds "6"]
[EventCountry "NOR"]
[SourceTitle "EXT 2023"]
[Source "ChessBase"]
[SourceDate "2022.10.05"]
[SourceVersion "1"]
[SourceVersionDate "2022.10.05"]
[SourceQuality "1"]

1. Nf3 d5 2. c4 e6 3. d4 Nf6 4. Nc3 dxc4 5. e3 a6 6. a4 Nc6 7. Bxc4 Na5 8. Ba2 Bb4 9. 0-0 0-0 10. Ne5 b6 11. Nd3 Qe7 12. Bd2 c5 13. Qc2 Bb7 14. Rad1 Rac8 15. dxc5 Bxc5 16. Bb1 Bd6 17. f3 Qc7 18. Nf4 Bxf4 19. exf4 g6 20. Ne4 Qe7 21. Bc3 Bxe4 22. fxe4 Nc4 23. Qe2 b5 24. axb5 axb5 25. Bd4 Nd7 26. b3 Na3 27. Bd3 b4 28. Ba1 Nc5 29. Kh1 Nxb3 30. Bb2 Nc5 31. Qe3 Nxd3 32. Qxd3 Rfd8 33. Qh3 Nc4 34. Bd4 h5 35. Qb3 Qb7 36. Bf6 Rxd1 37. Rxd1 Qxe4 38. Qxb4 Qxf4 39. Qe7 Qc7 40. Qxc7 1-0

[Event "Tromsoe op"]
[Site "Tromsoe"]
[Date "2010.09.19"]
[Round "4"]
[White "Hanssen, Gunnar Berg"]
[Black "Berntzen, Stein"]
[Result "1-0"]
[WhiteElo "2175"]
[BlackElo "1556"]
[PlyCount "40"]
[EventDate "2010.09.17"]
[EventType "swiss"]
[EventRounds "5"]
[EventCountry "NOR"]
[SourceTitle "EXT 2024"]
[Source "ChessBase"]
[SourceDate "2023.10.10"]
[SourceVersion "1"]
[SourceVersionDate "2023.10.10"]
[SourceQuality "1"]

1. d4 Nf6 2. c4 g6 3. g3 d5 4. cxd5 Nxd5 5. Bg2 Bg7 6. Nf3 0-0 7. 0-0 c6 8. e4 Nf6 9. Nc3 Bg4 10. h3 Bxf3 11. Bxf3 e5 12. d5 Ne8 13. Be3 f5 14. Qb3 Rf7 15. exf5 Nd6 16. dxc6 bxc6 17. fxg6 hxg6 18. Rad1 Bf8 19. Ne4 Kg7 20. Ng5 Rf6 1-0

[Event "Vadso op"]
[Site "Vadso"]
[Date "2010.08.29"]
[Round "4"]
[White "Tsjembajev, Evgenij"]
[Black "Hanssen, Gunnar Berg"]
[Result "0-1"]
[WhiteElo "2203"]
[BlackElo "2191"]
[PlyCount "94"]
[EventDate "2010.08.27"]
[EventType "swiss"]
[EventRounds "5"]
[EventCountry "NOR"]
[SourceTitle "CBM 138 Extra"]
[Source "ChessBase"]
[SourceDate "2010.10.29"]
[SourceVersion "1"]
[SourceVersionDate "2010.10.29"]
[SourceQuality "1"]

1. d4 Nf6 2. Nf3 e6 3. c4 b6 4. Nc3 Bb7 5. a3 d5 6. Bg5 Be7 7. e3 h6 8. Bf4 0-0 9. Rc1 c5 10. Nb5 Nc6 11. cxd5 Nxd5 12. Bg3 a6 13. Nc3 Nxc3 14. Rxc3 Bf6 15. Rd3 cxd4 16. exd4 Rc8 17. Be2 Qd5 18. 0-0 Rfd8 19. Be5 Bxe5 20. dxe5 Qc5 21. b4 Qe7 22. Qd2 Rxd3 23. Qxd3 Rd8 24. Qe3 b5 25. Rc1 Rd5 26. h3 Qd8 27. Bf1 Ne7 28. Ne1 Nf5 29. Qc3 Rd7 30. Nd3 Qg5 31. Nc5 Bxg2 32. f4 Qxf4 33. Bxg2 Rd2 34. Rf1 Rxg2+ 35. Kxg2 Ne3+ 36. Qxe3 Qxe3 37. Rf3 Qxe5 38. Nxa6 Qg5+ 39. Kf2 Qd2+ 40. Kf1 e5 41. Nc5 f6 42. Rd3 Qf4+ 43. Ke2 e4 44. Rd8+ Kh7 45. Ne6 Qf3+ 46. Ke1 Qe3+ 47. Kd1 Qb3+ 0-1